Coal Producing Countries Quiz Stats

 Plays Quiz Updated Apr 2, 2018

Support Sporcle.
Go Orange.
Score 0/25 Timer 05:00
0 Plays Today
Coal Produced* Country % Correct
507.8United States
98.3%
1,844.6China
97.4%
170.9Russia
94.8%
36.7Canada
91%
7.0United Kingdom
90.5%
3.2Brazil
88.9%
243.5India
88.2%
43.8Germany
87%
6.9Mexico
86.3%
280.8Australia
82.1%
147.7South Africa
74%
55.0Poland
72.1%
31.5Ukraine
71.8%
Coal Produced* Country % Correct
17.8Turkey
65.7%
281.7Indonesia
62.7%
2.5New Zealand
54.5%
57.6Colombia
53.3%
55.3Kazakhstan
52.7%
4.4Romania
48.7%
23.1Vietnam
48.6%
5.0Thailand
48.2%
6.3Greece
42.6%
5.2Bulgaria
39.9%
17.3Czechia
39%
2.7Zimbabwe
19.9%

You're not logged in!

Compare scores with friends on all Sporcle quizzes.
OR
Log In
Forgot?

From the Vault

Cryptogram by Category

by enough

Now is the time to pretend to be a spy.
Remove Ads.
Support Sporcle.
Get the best of Sporcle when you Go Orange. This ad-free experience offers more features, more stats, and more fun while also helping to support Sporcle. Thank you for becoming a member.

Show Comments

Extras

Top Quizzes Today


Score Distribution

Your Account Isn't Verified!

In order to create a playlist on Sporcle, you need to verify the email address you used during registration. Go to your Sporcle Settings to finish the process.

Report this User

Report this user for behavior that violates our Community Guidelines.

Details: